000 00504nam a2200181Ia 4500
008 100917s9999 xx 000 0 und d
082 _b16697
100 _aगोगटे शिवराम विनायक
245 _aसं. रत्नप्रभा
260 _b---
_c1888
300 _a135
365 _b1.25
520 _aनाटक
630 _aसं. रत्नप्रभा
650 _aनाटक
730 _aसं. रत्नप्रभा
942 _cBOOK
999 _c622091
_d622088